000 00276nam a22001337a 4500
008 171227b xxu||||| |||| 00| 0 eng d
020 _a9781840784152
041 _aeng
080 _a004
100 _a30
101 _aSHKI
245 _aiPhone
_cProvan, D
942 _2udc
_cBK
999 _c39454
_d39454